Normal view
MARC view
- إعداد وتقديم عناني، محمد
Entry Personal Name
001 - CONTROL NUMBER
- control field: 37064
003 - CONTROL NUMBER IDENTIFIER
- control field: JO-AjAnu
005 - DATE AND TIME OF LATEST TRANSACTION
- control field: 20230606080202.0
008 - FIXED-LENGTH DATA ELEMENTS
- fixed length control field: 230606|| aca||aabn | a|a d
040 ## - CATALOGING SOURCE
- Original cataloging agency: JO-AjAnu
- Transcribing agency: JO-AjAnu
100 ## - HEADING--PERSONAL NAME
- Personal name: إعداد وتقديم عناني، محمد
670 ## - SOURCE DATA FOUND
- Source citation: Work cat.: (JO-AjAnu)19022: إعداد وتقديم عناني، محمد, author, أجمل ما كتب شاعر الأطلال إبراهيم ناجي